|
|
|
|
| LEADER |
01642nam a2200277 a 4500 |
| 003 |
GR-PaULI |
| 005 |
20220718121414.0 |
| 008 |
170919s2008 gr f |||| 00| 0 gre d |
| 952 |
|
|
|0 0
|1 0
|2 ddc
|4 0
|6 882_010000000000000_ΑΙΣ
|7 0
|9 215128
|a LISA
|b LISA
|c BSC
|d 2017-09-19
|i 13097
|l 0
|o 882.01 ΑΙΣ
|p 026000278859
|r 2017-09-19 00:00:00
|t 1
|y BK15
|
| 952 |
|
|
|0 0
|1 0
|2 ddc
|4 0
|6 882_010000000000000_ΑΙΣ
|7 0
|9 215142
|a LISA
|b LISA
|c BSC
|d 2017-09-20
|i 4206
|l 0
|o 882.01 ΑΙΣ
|p 026000278857
|r 2017-09-20 00:00:00
|t 2
|w 2017-09-20
|y BK15
|
| 999 |
|
|
|c 130720
|d 130720
|
| 020 |
|
|
|a 9789602273692
|
| 040 |
|
|
|a GR-PaULI
|b gre
|c GR-PaULI
|d GR-AiPI
|e AACR2
|
| 041 |
|
|
|a grc
|a gre
|
| 082 |
0 |
4 |
|a 882.01
|2 23
|
| 245 |
1 |
0 |
|a Ευμενίδες /
|c Αισχύλος ; εισαγωγή-κείμενο-μετάφραση-σχόλια Ερρ. Χατζηανέστης.
|
| 260 |
|
|
|a Αθήνα :
|b Δαίδαλος,
|c 2008.
|
| 300 |
|
|
|a 224 σ. :
|b εικ. ;
|c 21 εκ.
|
| 490 |
1 |
|
|a Βιβλιοθήκη αρχαίων συγγραφέων / Ζαχαρόπουλος
|
| 500 |
|
|
|a Αρχαίο κείμενο και νεοελληνική μετάφραση σε αντικριστές σελίδες.
|
| 600 |
|
4 |
|a Αισχύλος,
|d 525-456,
|x Μεταφράσεις στα Νέα Ελληνικά
|9 82155
|
| 600 |
|
4 |
|a Αισχύλος,
|d 525-456
|9 177450
|t Ευμενίδες.
|
| 700 |
1 |
|
|a Χατζηανέστης, Ερρίκος Μιχ.,
|d 1917-
|e συγγραφέας προλόγου.
|e μεταφραστής.
|9 61872
|
| 830 |
|
0 |
|a Βιβλιοθήκη αρχαίων συγγραφέων (Ζαχαρόπουλος)
|9 158331
|
| 942 |
|
|
|2 ddc
|c BK15
|
| 998 |
|
|
|c ΜΙΧΟΣΤΑΥΡΟΥ
|d 2017-09
|